01096 2200361 4500001002100000005001500021035002000036007000300056008004100059020002200100040002200122082001500144084001700159090002100176090002200197100003400219245010000253250002900353300004900382650002200431700002400453700003000477850001200507041000800519504002900527264005700556336002100613337001300634338002300647999002200670990002200692990002000714INLIS00000000084478920200211092910 a0010-0319000312ta190325s2017 yoia g ind d a978-602-6369-98-7 aYOPDYOGbinderda04223a515.43 a515.43 FEB k aDEP 515.43 FEB k aCB-D.11 2017-28390 aFebi Sanjayaepenulis; editor10aKalkulus integral /cpenulis, Febi Sanjaya, Beni Utomo, A. Yudhi Anggoro ; editor, Febi Sanjaya aCetakan 1, November 2017 aix, 127 halaman :bilustrasi, tabel ;c21 cm 4aKalkulus Integral0 aBeni Utomoepenulis0 aA. Yudhi Anggoroepenulis aYOPDYOG0 aind aBibliografi: halaman 12731aYogyakarta :bSanata Dharma Universitas Press,c2017 2rdacontentateks 2rdamedia 2rdacarrieravolume aCB-D.11/2017-2839 aCB-D.11/2017-2839 a63165-PD/A.2019